| Tag |
First Indicator |
Second Indicator |
Subfields |
| LEADER |
00000cam a2200000 a 4500 |
| 001 |
in00002361990 |
| 005 |
20151108084718.0 |
| 008 |
921103s1993 enkab b 001 0 eng |
| 010 |
|
|
|a 92036203
|
| 015 |
|
|
|a GB93-29505
|
| 019 |
|
|
|a 28255960
|a 28928660
|a 31753874
|a 34026414
|
| 020 |
|
|
|a 0419183108 (acid-free paper)
|
| 020 |
|
|
|a 9780419183105 (acid-free paper)
|
| 029 |
1 |
|
|a UKM
|b b9329505
|
| 029 |
1 |
|
|a NLGGC
|b 112951147
|
| 029 |
1 |
|
|a YDXCP
|b 382585
|
| 029 |
1 |
|
|a NZ1
|b 4256176
|
| 035 |
|
|
|a (OCoLC)ocm27034266
|
| 035 |
|
|
|a (OCoLC)27034266
|z (OCoLC)28255960
|z (OCoLC)28928660
|z (OCoLC)31753874
|z (OCoLC)34026414
|
| 040 |
|
|
|a DLC
|c DLC
|d UKM
|d BAKER
|d NLGGC
|d BTCTA
|d YDXCP
|d UtOrBLW
|
| 043 |
|
|
|a e------
|
| 049 |
|
|
|a TXAM
|
| 050 |
0 |
0 |
|a HD586
|b .U73 1993
|
| 082 |
0 |
0 |
|a 333.77/15/094
|2 20
|
| 084 |
|
|
|a 74.73
|2 bcl
|
| 245 |
0 |
0 |
|a Urban regeneration :
|b property investment and development /
|c edited by Jim Berry, Stanley McGreal, and Bill Deddis.
|
| 250 |
|
|
|a 1st ed.
|
| 264 |
|
1 |
|a London ;
|a New York :
|b E & FN Spon,
|c 1993.
|
| 300 |
|
|
|a xiv, 350 pages :
|b illustrations, maps ;
|c 24 cm.
|
| 336 |
|
|
|a text
|b txt
|2 rdacontent
|
| 337 |
|
|
|a unmediated
|b n
|2 rdamedia
|
| 338 |
|
|
|a volume
|b nc
|2 rdacarrier
|
| 504 |
|
|
|a Includes bibliographical references and index.
|
| 650 |
|
0 |
|a Real estate development
|z Europe.
|
| 650 |
|
0 |
|a Real estate investment
|z Europe.
|
| 650 |
|
0 |
|a Land use, Urban
|z Europe.
|
| 650 |
|
0 |
|a Urban renewal
|z Europe.
|
| 650 |
|
0 |
|a Urban policy
|z Europe.
|
| 653 |
0 |
|
|a Urban regions
|a Redevelopment
|
| 653 |
0 |
|
|a Europe
|
| 650 |
|
4 |
|a Urban renewal.
|
| 650 |
|
4 |
|a Real estate management.
|
| 650 |
|
4 |
|a Real estate investment.
|
| 650 |
1 |
7 |
|a Stadsvernieuwing.
|2 gtt
|
| 650 |
1 |
7 |
|a Onroerend-goedmarkt.
|2 gtt
|
| 700 |
1 |
|
|a Berry, Jim,
|d 1953-
|
| 700 |
1 |
|
|a McGreal, Stanley.
|
| 700 |
1 |
|
|a Deddis, Bill.
|
| 856 |
4 |
2 |
|3 Publisher description
|u http://www.loc.gov/catdir/enhancements/fy0651/92036203-d.html
|t 0
|
| 938 |
|
|
|a Baker and Taylor
|b BTCP
|n 92036203
|
| 938 |
|
|
|a YBP Library Services
|b YANK
|n 382585
|
| 938 |
|
|
|a Baker & Taylor
|b BKTY
|c 165.90
|d 165.90
|i 0419183108
|n 0002233659
|s active
|
| 948 |
|
|
|a cataloged
|b h
|c 2008/2/27
|d c
|e ceaton
|f 11:46:18 am
|
| 994 |
|
|
|a C0
|b TXA
|
| 999 |
|
|
|a MARS
|
| 999 |
f |
f |
|s 8a592d17-ec4c-37b9-bf59-678c6b1323b5
|i 3911c6b4-c2fd-300f-ba46-2708fa498fad
|t 0
|
| 952 |
f |
f |
|p ric
|a Texas A&M University
|b Rellis Campus
|c Joint Library Facility
|d Remote Storage
|t 0
|e HD586 .U73 1993
|h Library of Congress classification
|i unmediated -- volume
|m A14837012506
|
| 998 |
f |
f |
|a HD586 .U73 1993
|t 0
|l Remote Storage
|